00253 a2200073 4500020001800000100003000018245006300048260006800111 a99912-929-0-X aKidd, Puseletso Elizabeth aChasing the Mirage:women and the administration of justice bBotswana : Woen and Law in Southern Africa Research Trustc1999